000 00948nam a2200253 i 4500
001 1777915
003 AUA.1
005 20151228124134.0
008 780517s1978 tnua b 000 0 eng
010 _a77087249
020 _a0805434224
040 _aDLC
_cDLC
_dDLC
050 0 0 _aLB 1027
_b.F598 1978
082 0 0 _a371.3
100 1 _aFord, LeRoy.
_915854
245 1 0 _aDesign for teaching and training :
_ba self-study guide to lesson planning /
_cLeRoy Ford.
260 _aNashville :
_bBroadman Press,
_cc1978.
300 _a389 p. :
_bill. ;
_c26 cm.
504 _aIncludes bibliographical references.
650 0 _aLesson planning.
_915855
906 _a7
_bcbc
_corignew
_d2
_eopcn
_f19
_gy-gencatlg
942 _2lcc
_cBOOK
_hLB 1027
_i.F598 1978
999 _c4334
_d4334